000 00297nam a22001337a 4500
008 170601b xxu||||| |||| 00| 0 eng d
020 _a0312770022
041 _aeng
080 _a93
100 _a17
101 _aSHH
245 _aA STUDENT'S GUIDE TO HISTORY
_cBENJAMIN, J.R
942 _2udc
_cBK
999 _c15396
_d15396